| 000 | 00616nam a22001937a 4500 | ||
|---|---|---|---|
| 003 | 0 | ||
| 005 | 20250930095323.0 | ||
| 008 | 250930b xxu||||| |||| 00| 0 eng d | ||
| 020 | _a978-1-394-25862-8 | ||
| 050 |
_aRC 504 _b.L46 2025 |
||
| 100 |
_aLemma, Alessandra, _eauthor. |
||
| 245 |
_aIntroduction to the practice of psychoanalytic psychotherapy / _cAlessandra Lemma. |
||
| 250 | _aThird edition. | ||
| 260 |
_aHoboken, NJ : _bJohn Wiley & Sons, Inc., _c2025. |
||
| 300 |
_axv, 363 pages ; _c24 cm. |
||
| 504 | _aIncludes bibliographical references and index. | ||
| 650 | _aPsychoanalysis. | ||
| 942 |
_2lcc _cBK |
||
| 999 |
_c368146 _d368146 |
||